Yerres - Choix multiples - Statistiques

Statistiques générales
  • Ce quiz a été pris 19 fois
  • Le résultat moyen est 7 sur 10
Statistiques - réponses
Question Réponse % Correct
Quel personnalité politique a été maire de la ville de 1995 à 2017 ? Nicolas Dupont-Aignan
94%
Lequel de ces peintres a vécu à Yerres durant près de 20 ans ? Gustave Caillebotte
83%
Quelle ligne de RER dessert la commune ? D
78%
Dans quel département se situe Yerres ? Essonne (91)
78%
Lequel de ces rappeurs a grandi à Yerres ? Ninho
78%
Quel humaniste ayant vécu à Yerres a donné son nom à un château, un collège et une rue de la ville ? Guillaume Budé
72%
Quelle grande forêt domaniale borde le sud du territoire communal ? La forêt de Sénart
72%
Comment s'appelait le projet de centre aquatique dont les problèmes financiers ont durement impacté la ville dans les années 90 ? Le Triton
72%
François II Rákóczi est un aristocrate ayant vécu en exil à Yerres au début du 18ème siècle. De quel pays était-il originaire ? Hongrie
67%
Laquelle de ces photos ne représente PAS un bâtiment yerrois ?
50%
Aucun quiz correspondant
Distribution des résultats
% des personnes avec chaque résultat
Percentile par nombre de réponses
Votre historique - résultats
Vous n’avez pas pris ce quiz